000
00329nam a2200133Ia 4500
005
20251222155140.0
008
251222s9999||||xx |||||||||||||| ||spa||
082
_a
SIQ.26
100
_a
Dr.Cesar Sotillo Zevallos
245
0
_a
Manual Programa Psicoeducativo Familiar
250
_a
1ra. ed.
264
_b
INSM H.N-
942
_c
LIB
999
_c
39141
_d
39141